The role of government intervention in maize production in Uasin Gishu County, Kenya (Record no. 18749)
[ view plain ]
| 000 -LEADER | |
|---|---|
| fixed length control field | 00438nam a22001217a 4500 |
| 008 - FIXED-LENGTH DATA ELEMENTS--GENERAL INFORMATION | |
| fixed length control field | 210205b xxu||||| |||| 00| 0 eng d |
| 050 ## - LIBRARY OF CONGRESS CALL NUMBER | |
| Classification number | SB191 |
| Item number | .S54 2016 c.1 |
| 100 ## - MAIN ENTRY--PERSONAL NAME | |
| Personal name | Siele, Fredrick Kipngetich |
| 245 ## - TITLE STATEMENT | |
| Title | The role of government intervention in maize production in Uasin Gishu County, Kenya |
| Statement of responsibility, etc. | Fredrick Kipngetich Siele |
| 260 ## - PUBLICATION, DISTRIBUTION, ETC. (IMPRINT) | |
| Place of publication, distribution, etc. | Kabarak, Nakuru, Kenya |
| Name of publisher, distributor, etc. | Kabarak University |
| Date of publication, distribution, etc. | 2016 |
| 300 ## - PHYSICAL DESCRIPTION | |
| Extent | 104 leaves |
| 942 ## - ADDED ENTRY ELEMENTS (KOHA) | |
| Source of classification or shelving scheme | Library of Congress Classification |
| Koha item type | Thesis, Dissertation and Projecs |
| Withdrawn status | Lost status | Source of classification or shelving scheme | Not for loan | Home library | Current library | Date acquired | Total Checkouts | Full call number | Barcode | Date last seen | Price effective from | Koha item type |
|---|---|---|---|---|---|---|---|---|---|---|---|---|
| Library of Congress Classification | Kabarak, Main Campus | Kabarak, Main Campus | 05/02/2021 | SB191 .S54 2016 c.1 | 028233 | 05/02/2021 | 05/02/2021 | Thesis, Dissertation and Projecs | ||||
| Library of Congress Classification | Kabarak, Main Campus | Kabarak, Main Campus | 05/02/2021 | SB191 .S54 2016 c.2 | 028234 | 05/02/2021 | 05/02/2021 | Thesis, Dissertation and Projecs |